000 00763namaa22001811 4500
001 174017
003 ES-MaACL
005 20230906215420.0
008 100205s1906 sp r |||| | spa d
100 1 _aÁlvarez Quintero, Serafín,
_d1871-1938
_9226443
245 1 0 _aMorritos /
_centremés de Serafín y Joaquin Alvarez Quintero.
260 _aMadrid :
_bSociedad de Autores Españoles,
_c1906 (
_fR. Velasco)
300 _a14 p., 1 hoj. ;
_c20 cm.
500 _aEn port.: Estrenado en el teatro Lara el 12 de marzo de 1906.
700 1 _aÁlvarez Quintero, Joaquín,
_d1873-1944
_920922
852 _aES-MaACL
_jF-8644(12)
_z.- Enc. hol.
_z.- Enc. en un vol. facticio formando parte de la col. facticia "Teatro español moderno" v. 101
999 _c174017
_d174017